| 000 | 00399pab a2200157 454500 | ||
|---|---|---|---|
| 008 | 180718b1984 xxu||||| |||| 00| 0 eng d | ||
| 100 | _aAlien, John R. | ||
| 245 | _aManaging by results in the province of ontario | ||
| 260 | _c1984 | ||
| 300 | _a17-21 | ||
| 362 | _aSept. | ||
| 650 | _aProject Management - Ontario | ||
| 700 | _aNestor Yurchuk | ||
| 773 | _aGovernment Finance | ||
| 909 | _a16257 | ||
| 999 |
_c16257 _d16257 |
||